书目信息 |
| 题名: |
中级财务管理必刷550题
|
|
| 作者: | ;中华会计网校 编 | |
| 分册: | ||
| 出版信息: | 北京 人民出版社 2019 |
|
| 页数: | 160页 | |
| 开本: | 26cm | |
| 丛书名: | 梦想成真系列辅导丛书 | |
| 单 册: | ||
| 中图分类: | F275-44 | |
| 科图分类: | ||
| 主题词: | 财务管理--cai wu guan li--资格考试--习题集 | |
| 电子资源: | ||
| ISBN: | 978-7-01-020733-9 | |
| 000 | 01039oam2 2200265 450 | |
| 001 | 2160536523 | |
| 005 | 20210926145334.0 | |
| 010 | @a978-7-01-020733-9@dCNY30.00 | |
| 100 | @a20200408d2019 em y0chiy50 ea | |
| 101 | 0 | @achi |
| 102 | @aCN@b110000 | |
| 105 | @ay q 000yy | |
| 106 | @ar | |
| 200 | 1 | @a中级财务管理必刷550题@Azhong ji cai wu guan li bi shua 550ti@e2020微课版@f中华会计网校编 |
| 210 | @a北京@c人民出版社@d2019 | |
| 215 | @a160页@d26cm | |
| 225 | 2 | @a梦想成真系列辅导丛书@Ameng xiang cheng zhen xi lie fu dao cong shu |
| 300 | @a2020年度全国会计专业技术资格考试 | |
| 330 | @a本书以题型为单位,通过刷题,提高考生对知识点的理解,加深对知识点的领悟。其内容涉及总论、财务管理基础、预算管理、筹资管理、投资管理、营运资金管理、成本管理、收入与分配管理等。 | |
| 461 | 0 | @12001 @a梦想成真系列辅导丛书 |
| 606 | 0 | @a财务管理@Acai wu guan li@x资格考试@j习题集 |
| 690 | @aF275-44@v5 | |
| 711 | 02 | @a中华会计网校@Azhong hua hui ji wang jiao@4编 |
| 801 | 0 | @aCN@b百万庄@c20210926 |
| 905 | @b1301247-250@dF275-44@e1747@f4 | |
| 中级财务管理必刷550题:2020微课版/中华会计网校编.-北京:人民出版社,2019 |
| 160页;26cm.-(梦想成真系列辅导丛书) |
| 2020年度全国会计专业技术资格考试 |
| ISBN 978-7-01-020733-9:CNY30.00 |
| 本书以题型为单位,通过刷题,提高考生对知识点的理解,加深对知识点的领悟。其内容涉及总论、财务管理基础、预算管理、筹资管理、投资管理、营运资金管理、成本管理、收入与分配管理等。 |
| ● |
| 相关链接 |
|
|
|
|
正题名:中级财务管理必刷550题
索取号:F275-44/1747
 
预约/预借
| 序号 | 登录号 | 条形码 | 馆藏地/架位号 | 状态 | 备注 |
| 1 | 1301247 | 213012470 | 第一样本阅览室/ [索取号:F275-44/1747] | 在馆 | |
| 2 | 1301248 | 213012489 | 第一借阅区/ [索取号:F275-44/1747] | 在馆 | |
| 3 | 1301249 | 213012498 | 第一借阅区/ [索取号:F275-44/1747] | 在馆 | |
| 4 | 1301250 | 213012504 | 第一借阅区/ [索取号:F275-44/1747] | 在馆 |